000 00528nam a2200193 4500
003 SEACOMEC
005 20240807151228.0
008 240807b |||||||| |||| 00| 0 eng d
020 _a8181283184
_c352.00
040 _aSEACOMEC
082 _a515.35
_bL831
100 _aLogan, J. David
245 _aPartial differential equations
_c/ J David Logan
250 _a2nd ed
260 _aNew Delhi
_bSpringer (India)
_c2004
300 _axii, 209p
440 _a: Undergraduate Texts in Mathematics | Axler, S
942 _cBOOK
999 _c1534
_d1534